[Event "SR 5. liga SE-SI 2015/2016"]
[Site "?"]
[Date "2016.03.19"]
[Round "9.4"]
[White "Tomasovic, Roman"]
[Black "Kovarik, Oto"]
[Result "1/2-1/2"]
[WhiteElo "1543"]
[BlackElo "1812"]
[PlyCount "77"]
[EventDate "2015.??.??"]

1. d4 d5 2. c4 e6 3. e3 Nf6 4. Nf3 Be7 5. Nc3 O-O 6. Bd3 dxc4 7. Bxc4 c5 8. O-O
a6 9. dxc5 Bxc5 10. a3 b5 11. Bb3 Qb6 12. Bc2 Rd8 13. Qe2 Bb7 14. b4 Be7 15.
Bb2 Nc6 16. Ne4 Nxe4 17. Bxe4 Rac8 18. Rac1 Nb8 19. Rxc8 Rxc8 20. Bxb7 Qxb7 21.
Qd2 Rd8 22. Qc2 Qd5 23. Rc1 h6 24. Bd4 f6 25. h3 Kf7 26. Qc7 Qd6 27. Kf1 e5 28.
Qxd6 Rxd6 29. Bb2 Rc6 30. Ke2 Rxc1 31. Bxc1 Nc6 32. Nd2 Ke6 33. Kd3 f5 34. f3
Bg5 35. Nb3 Be7 36. Bb2 g5 37. g4 Bd6 38. e4 f4 39. Bc3 1/2-1/2

[Event "SR 5. liga SE-SI 2015/2016"]
[Site "?"]
[Date "2016.03.19"]
[Round "9.4"]
[White "Vach, Jozef"]
[Black "Valigursky, Michal"]
[Result "1/2-1/2"]
[WhiteElo "1708"]
[BlackElo "1574"]
[PlyCount "40"]
[EventDate "2015.??.??"]

1. e4 e5 2. f4 Bc5 3. Nf3 d6 4. Be2 Nc6 5. Nc3 f5 6. d3 Nf6 7. h3 Be6 8. exf5
Bxf5 9. Na4 Bb6 10. Nxb6 axb6 11. O-O Be6 12. b3 Nd5 13. fxe5 dxe5 14. Ng5 Qe7
15. Ne4 Bf7 16. Bg5 Qd7 17. c4 Nde7 18. Be3 O-O 19. Qd2 Nf5 20. Bg4 Be6 1/2-1/2

[Event "SR 5. liga SE-SI 2015/2016"]
[Site "?"]
[Date "2016.03.19"]
[Round "9.4"]
[White "Klimesova, Lucia"]
[Black "Cambal, Peter"]
[Result "1/2-1/2"]
[WhiteElo "1515"]
[BlackElo "1136"]
[PlyCount "48"]
[EventDate "2015.??.??"]

1. e4 c5 2. Nf3 d6 3. Bb5+ Bd7 4. Bxd7+ Nxd7 5. d3 Ngf6 6. O-O g6 7. Bg5 Bg7 8.
c3 Qc7 9. Nbd2 O-O 10. a3 e6 11. Bf4 Nh5 12. Be3 d5 13. exd5 exd5 14. d4 c4 15.
b4 b5 16. a4 a6 17. axb5 axb5 18. Qc2 Nhf6 19. Qb2 Ng4 20. Rxa8 Rxa8 21. Ra1
Rxa1+ 22. Qxa1 Qb8 23. Qa6 Ndf6 24. h3 Nxe3 1/2-1/2

[Event "SR 5. liga SE-SI 2015/2016"]
[Site "?"]
[Date "2016.03.19"]
[Round "9.4"]
[White "Sladek, Michal"]
[Black "Tomasovic, Pavol"]
[Result "1/2-1/2"]
[WhiteElo "1275"]
[BlackElo "1308"]
[PlyCount "31"]
[EventDate "2015.??.??"]

1. e4 e6 2. Nf3 d5 3. exd5 exd5 4. d4 Nf6 5. Bg5 Bd6 6. Nc3 c6 7. Qe2+ Be6 8.
g3 O-O 9. O-O-O Nbd7 10. Ne5 Qc7 11. Nxd7 Nxd7 12. h4 Rfe8 13. Qd3 f6 14. Bd2
a5 15. Ne2 b5 16. Bf4 1/2-1/2

[Event "SR 5. liga SE-SI 2015/2016"]
[Site "?"]
[Date "2016.03.19"]
[Round "9.5"]
[White "Cerovsky, Marian"]
[Black "Kanka, Tomas"]
[Result "1/2-1/2"]
[WhiteElo "1820"]
[BlackElo "1689"]
[PlyCount "78"]
[EventDate "2015.??.??"]

1. e4 e5 2. Nc3 Nf6 3. Bc4 Bb4 4. Nd5 Nxd5 5. Bxd5 c6 6. Bb3 d6 7. c3 Bc5 8.
Qf3 O-O 9. a4 a5 10. Ne2 Be6 11. Bc2 Qh4 12. Qg3 Qh5 13. d4 exd4 14. cxd4 Bb4+
15. Nc3 Bc4 16. Bd3 Bxc3+ 17. bxc3 Bxd3 18. Qxd3 Qg6 19. O-O d5 20. f3 Nd7 21.
Qe3 Rfe8 22. e5 Nb6 23. Qe2 Nc4 24. f4 f5 25. Rf3 Re6 26. Rg3 Qf7 27. Qf2 Rae8
28. Rb1 b6 29. Bd2 Rg6 30. Be1 Ree6 31. Rxg6 Rxg6 32. Qh4 Qf8 33. Rb3 Ne3 34.
Rb2 Rh6 35. Qg3 Nc4 36. Rb3 Qf7 37. Qg5 Qf8 38. Bh4 Nd2 39. Rxb6 Nf3+ 1/2-1/2

[Event "SR 5. liga SE-SI 2015/2016"]
[Site "?"]
[Date "2016.03.19"]
[Round "9.5"]
[White "Kastler, Peter"]
[Black "Damborsky, Pavol"]
[Result "1/2-1/2"]
[WhiteElo "1743"]
[BlackElo "1674"]
[PlyCount "77"]
[EventDate "2015.??.??"]

1. d4 d5 2. c4 c6 3. e3 dxc4 4. Bxc4 b5 5. Be2 Nf6 6. Nf3 Nbd7 7. Nc3 e6 8. O-O
Be7 9. a3 h6 10. b4 Bb7 11. Bb2 O-O 12. Rc1 Rc8 13. Nd2 Nd5 14. Bf3 f5 15. Qe2
N7f6 16. Nxd5 exd5 17. Nb3 Ne4 18. Bxe4 fxe4 19. Rc2 Bh4 20. Nc5 Qc7 21. Nxb7
Qxb7 22. Qg4 Qe7 23. g3 Bf6 24. Rfc1 Qd6 25. Rf1 Be7 26. f3 exf3 27. Rcf2 Rce8
28. Rxf3 Bf6 29. Bc1 Re4 30. Rf4 Rxf4 31. Rxf4 Qe7 32. Qg6 Qf7 33. Qd3 Qe6 34.
e4 dxe4 35. Rxe4 Qd5 36. Bf4 Rd8 37. Be3 a6 38. Qe2 Rc8 39. Rg4 1/2-1/2

[Event "SR 5. liga SE-SI 2015/2016"]
[Site "?"]
[Date "2016.03.19"]
[Round "9.5"]
[White "Dubecky, Ladislav"]
[Black "Papanek, Lubomir"]
[Result "0-1"]
[WhiteElo "1624"]
[BlackElo "1661"]
[PlyCount "84"]
[EventDate "2015.??.??"]

1. e4 e5 2. f4 exf4 3. Nf3 g5 4. Bc4 Nc6 5. O-O h6 6. d4 Bg7 7. Nc3 d6 8. h3
Nge7 9. Nd5 O-O 10. b3 Na5 11. Nxe7+ Qxe7 12. Bd3 Nc6 13. Bb2 f5 14. Bc4+ Kh8
15. e5 dxe5 16. Nxe5 Nxe5 17. dxe5 Be6 18. Bd3 Qc5+ 19. Kh1 Bxe5 20. Qh5 Kg7
21. Bxe5+ Qxe5 22. Rae1 Qf6 23. Qe2 Rfe8 24. Qe5 Qxe5 25. Rxe5 Kf6 26. Rfe1 Bd7
27. Rxe8 Rxe8 28. Rf1 Re3 29. Rf3 Bc6 30. Rf2 Rxh3+ 31. Kg1 Re3 32. Kf1 Ke5 33.
Kg1 Be4 34. Bc4 Rc3 35. Bf7 Rxc2 36. Rxc2 Bxc2 37. Bh5 g4 38. Kf2 c5 39. Bf7 b5
40. a3 a5 41. Ke2 Be4 42. Kf2 Bd5 0-1

[Event "SR 5. liga SE-SI 2015/2016"]
[Site "?"]
[Date "2016.03.19"]
[Round "9.5"]
[White "Drska, Michal"]
[Black "Pisecky, Jan"]
[Result "1-0"]
[WhiteElo "1646"]
[BlackElo "1478"]
[PlyCount "93"]
[EventDate "2015.??.??"]

1. e4 c5 2. Nf3 Nc6 3. Bb5 Nd4 4. Nxd4 cxd4 5. O-O a6 6. Bc4 e6 7. d3 Bd6 8. a3
h6 9. b4 b5 10. Bb3 Bb7 11. f4 g5 12. e5 Be7 13. f5 d5 14. fxe6 fxe6 15. Qh5+
Kd7 16. Nd2 Qe8 17. Qxe8+ Rxe8 18. Bb2 Rf8 19. Bxd4 h5 20. c4 Nh6 21. cxd5
Rxf1+ 22. Rxf1 Rf8 23. Rxf8 Bxf8 24. dxe6+ Ke8 25. Bb6 Ng4 26. d4 Ne3 27. Kf2
Nxg2 28. d5 Nf4 29. d6 Nd3+ 30. Ke3 Nxe5 31. d7+ Nxd7 32. exd7+ Kxd7 33. Ne4
Be7 34. Bd4 a5 35. Nc5+ Kc6 36. Nxb7 Kxb7 37. Bc5 Bxc5+ 38. bxc5 Kc6 39. Kd4 b4
40. Ba4+ Kc7 41. axb4 axb4 42. Kc4 h4 43. Bd1 b3 44. Kxb3 Kc6 45. Kc4 Kc7 46.
h3 Kd8 47. c6 1-0

[Event "SR 5. liga SE-SI 2015/2016"]
[Site "?"]
[Date "2016.03.19"]
[Round "9.5"]
[White "Sprusansky, Ferdinand"]
[Black "Ralbovsky, Milan"]
[Result "1/2-1/2"]
[WhiteElo "1401"]
[BlackElo "1000"]
[PlyCount "72"]
[EventDate "2015.??.??"]

1. e4 e5 2. Nf3 d6 3. Nc3 Nf6 4. d4 Nc6 5. d5 Nb4 6. Bg5 Be7 7. a3 Na6 8. h3
Nc5 9. Bb5+ Bd7 10. Bxd7+ Qxd7 11. Qe2 a6 12. b4 Na4 13. Nxa4 Qxa4 14. O-O h6
15. Bc1 O-O-O 16. c4 g5 17. Nd2 h5 18. c5 dxc5 19. bxc5 Bxc5 20. Nc4 g4 21.
Nxe5 Rdf8 22. Be3 Nxe4 23. Bxc5 Nxc5 24. hxg4 Re8 25. gxh5 f6 26. Qg4+ Qxg4 27.
Nxg4 Ref8 28. Rfd1 Rxh5 29. d6 Rfh8 30. f3 cxd6 31. Kf2 f5 32. Nf6 R5h6 33.
Rxd6 Kc7 34. Rad1 Rf8 35. Ne8+ Rxe8 36. Rxh6 Re5 1/2-1/2

[Event "SR 1. liga zapad 2010/2011"]
[Site "?"]
[Date "2010.11.06"]
[Round "1.1"]
[White "Brestak, Jan"]
[Black "Lakatos, Vladimir"]
[Result "1-0"]
[WhiteElo "2149"]
[BlackElo "2162"]
[PlyCount "81"]
[EventDate "2010.??.??"]

1. e4 c5 2. Nf3 e6 3. b3 a6 4. Bb2 Nc6 5. Nc3 Nf6 6. e5 Ng4 7. Qe2 d5 8. exd6
Nf6 9. O-O-O Qxd6 10. Ne4 Nxe4 11. Qxe4 f5 12. Qh4 Qe7 13. Qg3 Rg8 14. Re1 g5
15. Bd3 Bg7 16. Ne5 Nxe5 17. Bxe5 c4 18. Bxc4 f4 19. Qc3 Kf7 20. Qd3 Bxe5 21.
Rxe5 Rg6 22. h4 b5 23. Qe4 Bb7 24. Qf5+ Kg7 25. Rxe6 Rxe6 26. Bxe6 Bxg2 27. Rg1
f3 28. hxg5 Re8 29. Qe5+ Kg6 30. Re1 Bh3 31. Bf5+ Bxf5 32. Qxe7 Rxe7 33. Rxe7
Kxg5 34. d4 h5 35. d5 Kf6 36. Re1 h4 37. c4 bxc4 38. bxc4 h3 39. Kd2 h2 40. Kc3
Bh3 41. Rh1 1-0

[Event "SR 1. liga zapad 2010/2011"]
[Site "?"]
[Date "2010.11.06"]
[Round "1.1"]
[White "Detko, Jan"]
[Black "Szucs, Vladimir"]
[Result "0-1"]
[WhiteElo "2144"]
[BlackElo "2130"]
[PlyCount "66"]
[EventDate "2010.??.??"]

1. d4 d5 2. Bf4 Nf6 3. e3 Bf5 4. Nf3 e6 5. Nbd2 Nbd7 6. Ne5 Nxe5 7. Bxe5 Bd6 8.
Bxd6 Qxd6 9. c3 O-O 10. Be2 c5 11. dxc5 Qxc5 12. Nb3 Qe7 13. Nd4 Be4 14. O-O
Rfc8 15. a4 a6 16. a5 Nd7 17. Ra4 Ne5 18. Rb4 Rc7 19. Nf3 Bxf3 20. gxf3 Rac8
21. Kh1 Nc4 22. Bxc4 Rxc4 23. Rb6 R8c7 24. f4 Qd7 25. Qd2 g6 26. Rc1 Qc8 27.
Kg1 e5 28. Qxd5 exf4 29. Qf3 fxe3 30. fxe3 R4c5 31. Rd1 Rxa5 32. Rbd6 Qf5 33.
Qxf5 Rxf5 0-1

[Event "SR 1. liga zapad 2010/2011"]
[Site "?"]
[Date "2010.11.06"]
[Round "1.1"]
[White "Dobrotka, Martin"]
[Black "Horvath, Marek"]
[Result "1-0"]
[WhiteElo "2238"]
[BlackElo "2320"]
[PlyCount "105"]
[EventDate "2010.??.??"]

1. d4 Nf6 2. c4 d6 3. Nc3 Nbd7 4. g3 e5 5. Bg2 Be7 6. Nf3 O-O 7. O-O c6 8. Qc2
Re8 9. Rd1 Bf8 10. d5 c5 11. a3 a6 12. e4 Rb8 13. a4 g6 14. Ra3 Bg7 15. Bd2 h6
16. Rb1 Kh7 17. a5 b6 18. axb6 Nxb6 19. b3 Ng8 20. Nd1 f5 21. Ne1 Rf8 22. Ba5
Qf6 23. b4 Nd7 24. Nd3 cxb4 25. Rxb4 Rxb4 26. Bxb4 fxe4 27. Bxe4 Ne7 28. c5
dxc5 29. Nxc5 Nb8 30. Bg2 Bf5 31. Ne4 Qf7 32. Ne3 Rc8 33. Qd2 Bxe4 34. Bxe4 Nf5
35. Nxf5 gxf5 36. Rf3 Rc4 37. Rxf5 Qg6 38. f3 Qb6+ 39. Kg2 Qxb4 40. Qxb4 Rxb4
41. Rxe5+ Kg8 42. Re6 a5 43. d6 a4 44. Bf5 a3 45. Re8+ Kf7 46. Re7+ Kf6 47. g4
Ra4 48. Re6+ Kf7 49. Re7+ Kf8 50. Be6 a2 51. Rf7+ Ke8 52. Rxg7 a1=Q 53. Rg8#
1-0

[Event "SR 1. liga zapad 2010/2011"]
[Site "?"]
[Date "2010.11.06"]
[Round "1.1"]
[White "Gulbis, Adrian"]
[Black "Kaniansky, Miroslav"]
[Result "1/2-1/2"]
[WhiteElo "2153"]
[BlackElo "2185"]
[PlyCount "85"]
[EventDate "2010.??.??"]

1. d4 d5 2. c4 c6 3. Nf3 Nf6 4. Nc3 dxc4 5. a4 Bf5 6. Ne5 Na6 7. f3 Nb4 8. e4
Bg6 9. Be3 Nd3+ 10. Bxd3 cxd3 11. Qxd3 e6 12. Rd1 Be7 13. O-O Nd7 14. Nxg6 hxg6
15. f4 Nf6 16. Qe2 Qa5 17. f5 exf5 18. exf5 O-O-O 19. Bf4 Rhe8 20. fxg6 fxg6
21. Qe6+ Rd7 22. Qc4 Qb4 23. Qxb4 Bxb4 24. h3 c5 25. dxc5 Bxc5+ 26. Kh1 Rxd1
27. Rxd1 Ne4 28. Nxe4 Rxe4 29. Rc1 Rxf4 30. Rxc5+ Kd7 31. Rg5 Rf6 32. Kh2 Ke7
33. Kg3 Rd6 34. Rb5 b6 35. a5 Kf6 36. axb6 axb6 37. Kf4 Rd4+ 38. Ke3 Rd6 39.
Ke4 Ke6 40. b4 Kf6 41. h4 Ke6 42. g3 Kf6 43. g4 1/2-1/2

[Event "SR 1. liga zapad 2010/2011"]
[Site "?"]
[Date "2010.11.06"]
[Round "1.1"]
[White "Hanko, Pavol"]
[Black "Szeko, Ludovit"]
[Result "1-0"]
[WhiteElo "2179"]
[BlackElo "2078"]
[PlyCount "137"]
[EventDate "2010.??.??"]

1. d4 c5 2. d5 Nf6 3. Nc3 e6 4. e4 exd5 5. exd5 d6 6. Nf3 Be7 7. Be2 O-O 8. O-O
a6 9. a4 b6 10. Nd2 Re8 11. Nc4 h6 12. Bf4 Bf8 13. Bf3 Ra7 14. Qd2 Bf5 15. Rae1
Rxe1 16. Rxe1 Rb7 17. Ne4 Bxe4 18. Bxe4 b5 19. axb5 axb5 20. Na5 Re7 21. Bf3
Rxe1+ 22. Qxe1 Nbd7 23. Nc6 Qe8 24. Qxe8 Nxe8 25. b4 cxb4 26. Nxb4 g5 27. Be3
f5 28. Be2 Nc7 29. Bd3 f4 30. Ba7 Ne5 31. Bf5 Kf7 32. Bb6 Ne8 33. Nc6 Kf6 34.
Bc8 Nc4 35. Bd8+ Kf7 36. Be6+ Kg7 37. Nd4 Na3 38. Ba5 Be7 39. Bb4 Nc4 40. Nxb5
Kg6 41. Kf1 Ng7 42. Bg4 Nf5 43. Bf3 Kf6 44. Be4 Ke5 45. Bd3 Nfe3+ 46. fxe3
Nxe3+ 47. Kf2 Nxd5 48. Bd2 Bd8 49. c4 Bb6+ 50. Kf3 Be3 51. Be1 Ne7 52. Bc3+ Ke6
53. Nc7+ Kf7 54. Nd5 Bc1 55. Nxe7 Kxe7 56. Bf5 h5 57. h3 Kf7 58. Ke4 Ba3 59. h4
gxh4 60. Kxf4 Bc1+ 61. Ke4 Ke7 62. Bd4 Bg5 63. Be3 Bf6 64. Bg6 h3 65. gxh3 h4
66. Kf5 Bc3 67. Bg5+ Kd7 68. Bxh4 Kc6 69. Bf7 1-0

[Event "SR 1. liga zapad 2010/2011"]
[Site "?"]
[Date "2010.11.06"]
[Round "1.1"]
[White "Kubica, Viktor"]
[Black "Garban, Mario"]
[Result "1/2-1/2"]
[WhiteElo "2015"]
[BlackElo "1931"]
[PlyCount "65"]
[EventDate "2010.??.??"]

1. d4 d5 2. c4 e6 3. Nf3 Nf6 4. e3 dxc4 5. Bxc4 c5 6. O-O Nc6 7. dxc5 Qxd1 8.
Rxd1 Bxc5 9. Nc3 a6 10. a3 Ke7 11. b4 Bd6 12. Bb2 b5 13. Be2 Bb7 14. Rac1 Rhd8
15. Kf1 Rac8 16. Nb1 Ne8 17. Nbd2 Nb8 18. Nb3 Nd7 19. Na5 Ba8 20. Nd4 Nb8 21.
Bf3 Bxf3 22. Nxf3 Rc7 23. Rxc7+ Bxc7 24. Rxd8 Bxd8 25. Nb7 Bb6 26. Bd4 Nd7 27.
Bxb6 Nxb6 28. Nc5 Nc4 29. Nxa6 Nxa3 30. Ke2 f6 31. Kd3 e5 32. Nd2 Nd6 33. Nc5
1/2-1/2

[Event "SR 1. liga zapad 2010/2011"]
[Site "?"]
[Date "2010.11.06"]
[Round "1.1"]
[White "Nemeth, Eugen"]
[Black "Vrablik, Miroslav"]
[Result "1/2-1/2"]
[WhiteElo "1960"]
[BlackElo "2106"]
[PlyCount "48"]
[EventDate "2010.??.??"]

1. g3 e5 2. Bg2 Nc6 3. c4 d6 4. Nc3 g6 5. d3 Bg7 6. e3 Nf6 7. Nge2 O-O 8. Rb1
Bg4 9. b4 Qc8 10. h3 Be6 11. Nd5 Re8 12. b5 Ne7 13. Nxf6+ Bxf6 14. Ba3 Bg7 15.
Nc3 f5 16. O-O e4 17. Qc2 exd3 18. Qxd3 f4 19. exf4 Bxh3 20. Bxh3 Qxh3 21. Nd5
Nf5 22. Nxc7 Ne3 23. fxe3 Qxg3+ 24. Kh1 Qh3+ 1/2-1/2

[Event "SR 1. liga zapad 2010/2011"]
[Site "?"]
[Date "2010.11.06"]
[Round "1.1"]
[White "Reisel, Frantisek"]
[Black "Nemeth, Daniel"]
[Result "0-1"]
[WhiteElo "2079"]
[BlackElo "1960"]
[PlyCount "150"]
[EventDate "2010.??.??"]

1. d4 d5 2. c4 dxc4 3. Nc3 e6 4. e4 Nf6 5. Bxc4 Bb4 6. f3 O-O 7. Nge2 a6 8. Be3
b5 9. Bb3 Bb7 10. O-O Nbd7 11. a3 Be7 12. Rc1 c6 13. Rc2 e5 14. Rd2 Qb6 15. Bf2
Qa5 16. Qc2 Rac8 17. Rfd1 c5 18. dxe5 Nxe5 19. Nd5 Bxd5 20. Bxd5 c4 21. Nc3 Nd3
22. Be3 Nd7 23. f4 Qc7 24. g3 Bc5 25. Bxc5 Qxc5+ 26. Kg2 a5 27. a4 b4 28. Nb5
Nf6 29. Bxc4 Nxf4+ 30. gxf4 Qxc4 31. Qxc4 Rxc4 32. Nd6 Rc7 33. e5 Ne8 34. Nb5
Rc4 35. Rd4 Rc5 36. Rd7 g6 37. R1d2 Ng7 38. Nd6 b3 39. Kf3 Ne6 40. Ne4 Rc4 41.
Rb7 Rxe4 42. Kxe4 Nc5+ 43. Ke3 Nxb7 44. Rd5 Rc8 45. Rb5 Nc5 46. Rxa5 Ne6 47.
Rb5 Rc4 48. a5 Ra4 49. Rxb3 Rxa5 50. Rb4 g5 51. fxg5 Rxe5+ 52. Kf3 Rxg5 53. h4
Rd5 54. Rb6 Nd4+ 55. Ke4 Rb5 56. Rd6 Nf5 57. Rd5 Rxd5 58. Kxd5 Ne7+ 59. Kd6
Nc8+ 60. Kc7 f5 61. b4 f4 62. b5 f3 63. Kxc8 f2 64. b6 f1=Q 65. b7 Qc4+ 66. Kd7
Qd5+ 67. Kc7 Qc5+ 68. Kd7 Qb6 69. Kc8 Qc6+ 70. Kb8 Kf7 71. Ka7 Qc7 72. Ka8 Qa5+
73. Kb8 Ke7 74. h5 Kd6 75. h6 Kc6 0-1

[Event "SR 1. liga zapad 2010/2011"]
[Site "?"]
[Date "2010.11.06"]
[Round "1.2"]
[White "Borik, Juraj"]
[Black "Siroky, Jan"]
[Result "1/2-1/2"]
[WhiteElo "2206"]
[BlackElo "2188"]
[PlyCount "32"]
[EventDate "2010.??.??"]

1. d4 Nf6 2. c4 g6 3. Nc3 d5 4. Nf3 Bg7 5. g3 O-O 6. Bg2 c6 7. O-O dxc4 8. Bf4
Nd5 9. Ne5 Be6 10. Rc1 f6 11. Nf3 Nxf4 12. gxf4 Qc7 13. e3 Rd8 14. Qe2 b5 15.
d5 Bxd5 16. Nxd5 cxd5 1/2-1/2

[Event "SR 1. liga zapad 2010/2011"]
[Site "?"]
[Date "2010.11.06"]
[Round "1.2"]
[White "Cibulka, Vladimir"]
[Black "Srvatka, Igor"]
[Result "1/2-1/2"]
[WhiteElo "2252"]
[BlackElo "2205"]
[PlyCount "29"]
[EventDate "2010.??.??"]

1. d4 Nf6 2. Nf3 b6 3. Bf4 e6 4. e3 Be7 5. Bd3 Bb7 6. Nbd2 Nh5 7. Bg3 d6 8. Qe2
Nd7 9. O-O-O h6 10. Ne1 Nxg3 11. hxg3 c5 12. f4 Qc7 13. Nef3 O-O-O 14. g4 Kb8
15. Ba6 1/2-1/2

[Event "SR 1. liga zapad 2010/2011"]
[Site "?"]
[Date "2010.11.06"]
[Round "1.2"]
[White "Fabian, Jaroslav"]
[Black "Bombek, Peter"]
[Result "1/2-1/2"]
[WhiteElo "2202"]
[BlackElo "2228"]
[PlyCount "37"]
[EventDate "2010.??.??"]

1. c4 f5 2. Nc3 Nf6 3. d4 e6 4. Nf3 Bb4 5. Qc2 O-O 6. g3 Ne4 7. Bg2 c5 8. O-O
Bxc3 9. bxc3 Qa5 10. Nd2 Nxd2 11. Bxd2 Nc6 12. e4 cxd4 13. cxd4 Nxd4 14. Qd3
Qc5 15. Be3 e5 16. Rfd1 d6 17. Bxd4 exd4 18. Qxd4 Be6 19. Qxd6 1/2-1/2

[Event "SR 1. liga zapad 2010/2011"]
[Site "?"]
[Date "2010.11.06"]
[Round "1.2"]
[White "Kovacik, Emil"]
[Black "Berek, Geza"]
[Result "1/2-1/2"]
[WhiteElo "2232"]
[BlackElo "2216"]
[PlyCount "81"]
[EventDate "2010.??.??"]

1. e4 g6 2. d4 Bg7 3. Nc3 d6 4. f4 a6 5. Nf3 b5 6. Bd3 Nd7 7. e5 Bb7 8. Be4
Bxe4 9. Nxe4 Nh6 10. O-O O-O 11. a4 Rb8 12. Qe2 d5 13. Nc3 c6 14. e6 Nb6 15.
exf7+ Nxf7 16. axb5 axb5 17. Re1 Re8 18. Ra7 Nc8 19. Ra6 Qd7 20. Qd3 e6 21. Be3
Ncd6 22. Rea1 Rec8 23. Ne2 Ne4 24. Ne5 Nxe5 25. fxe5 c5 26. c3 c4 27. Qc2 Rc6
28. Qc1 Rxa6 29. Rxa6 Qf7 30. Qf1 Qd7 31. Qa1 g5 32. Ng3 Nxg3 33. hxg3 h6 34.
Rd6 Qf7 35. Qa6 Qh5 36. Rxe6 Qd1+ 37. Kh2 Qh5+ 38. Kg1 Qd1+ 39. Kh2 Qh5+ 40.
Kg1 Qd1+ 41. Kh2 1/2-1/2

[Event "SR 1. liga zapad 2010/2011"]
[Site "?"]
[Date "2010.11.06"]
[Round "1.2"]
[White "Novotny, Michal"]
[Black "Podoba, Milan"]
[Result "0-1"]
[WhiteElo "2009"]
[BlackElo "2167"]
[PlyCount "98"]
[EventDate "2010.??.??"]

1. e4 d5 2. exd5 Qxd5 3. Nc3 Qa5 4. g3 Nf6 5. Bg2 g6 6. d4 Bg7 7. Nge2 O-O 8.
Qd3 Rd8 9. Qb5 Qxb5 10. Nxb5 Na6 11. c3 c6 12. Na3 Bf5 13. Be3 Nc7 14. O-O-O
Ncd5 15. Nc4 Ng4 16. h3 Ngxe3 17. Nxe3 Bh6 18. Bxd5 cxd5 19. f4 Be4 20. Rhf1 f6
21. g4 e5 22. g5 exf4 23. gxh6 fxe3 24. Rxf6 Rf8 25. Rdf1 Rxf6 26. Rxf6 Rf8 27.
Rxf8+ Kxf8 28. h4 Kf7 29. Ng3 Bd3 30. Kd1 Kf6 31. Ke1 g5 32. hxg5+ Kxg5 33. Ne2
Bxe2 34. Kxe2 Kf4 35. a4 a5 36. c4 dxc4 37. d5 Ke5 38. Kxe3 Kxd5 39. Kf4 b5 40.
axb5 a4 41. b6 Kc6 42. Kf5 c3 43. bxc3 a3 44. Kf6 a2 45. Kg7 a1=Q 46. Kxh7 Qxc3
47. Kg8 Qg3+ 48. Kf7 Qe5 49. h7 Qh8 0-1

[Event "SR 1. liga zapad 2010/2011"]
[Site "?"]
[Date "2010.11.06"]
[Round "1.2"]
[White "Orgon, Dusan"]
[Black "Boldis, Frantisek"]
[Result "1-0"]
[WhiteElo "2086"]
[BlackElo "2037"]
[PlyCount "69"]
[EventDate "2010.??.??"]

1. e4 e6 2. d4 d5 3. e5 a6 4. Nf3 Bd7 5. c4 Bb4+ 6. Nc3 dxc4 7. Bxc4 b5 8. Bd3
Ne7 9. O-O Ng6 10. a3 Be7 11. Be4 c6 12. Qd3 O-O 13. g3 Be8 14. h4 h5 15. Bg5
Nd7 16. Rac1 Rc8 17. b4 Nb6 18. Kg2 Nc4 19. Bxg6 fxg6 20. Ne4 Rc7 21. Nc5 Qd5
22. Nxa6 Ra7 23. Bxe7 Nxe5 24. dxe5 Qxd3 25. Bxf8 Rxa6 26. Bc5 Rxa3 27. Ng5
Qd5+ 28. Kh2 Qxe5 29. Rfe1 Qf5 30. Rcd1 Rd3 31. Rxe6 Bf7 32. Rxd3 Qxd3 33. Rd6
Qe2 34. Rd7 Be8 35. Re7 1-0

[Event "SR 1. liga zapad 2010/2011"]
[Site "?"]
[Date "2010.11.06"]
[Round "1.2"]
[White "Vojtek, Vladimir"]
[Black "Kalisky, Vladimir"]
[Result "0-1"]
[WhiteElo "2295"]
[BlackElo "2273"]
[PlyCount "100"]
[EventDate "2010.??.??"]

1. e4 c5 2. Nf3 Nc6 3. d4 cxd4 4. Nxd4 Nf6 5. Nc3 g6 6. Be3 Bg7 7. Bc4 O-O 8.
Bb3 a5 9. a4 Ng4 10. Qxg4 Nxd4 11. Qh4 d6 12. Nd5 e6 13. Qxd8 Rxd8 14. Nc3 Bd7
15. O-O-O Nxb3+ 16. cxb3 Bc6 17. Rd3 Bxc3 18. Rxc3 Bxe4 19. f3 Bd5 20. Rd1 Kf8
21. Kc2 Ke8 22. Bb6 Rdc8 23. Bxa5 Rxc3+ 24. Bxc3 Kd7 25. Rd4 f5 26. Rd1 Kc6 27.
Ra1 e5 28. b4 h5 29. b5+ Kd7 30. Kd3 h4 31. h3 Re8 32. Ke3 g5 33. a5 Bc4 34. a6
b6 35. a7 Ra8 36. Bb4 d5 37. Bf8 Bxb5 38. Bh6 d4+ 39. Kf2 e4 40. Bxg5 e3+ 41.
Ke1 Kc6 42. Bf4 Kd5 43. Bc7 d3 44. Bxb6 f4 45. b3 d2+ 46. Kd1 Bf1 47. Ra4 Kc6
48. Ba5 Rxa7 49. Ra2 Kb5 50. b4 Bxg2 0-1

[Event "SR 1. liga zapad 2010/2011"]
[Site "?"]
[Date "2010.11.06"]
[Round "1.2"]
[White "Zahorsky, Robert"]
[Black "Janco, Darius"]
[Result "1/2-1/2"]
[WhiteElo "1988"]
[BlackElo "2083"]
[PlyCount "36"]
[EventDate "2010.??.??"]

1. d4 g6 2. c4 Bg7 3. e4 d6 4. Nc3 Nc6 5. Be3 e5 6. Nge2 Nf6 7. f3 O-O 8. Qd2
Na5 9. Nc1 exd4 10. Bxd4 Nc6 11. Be3 a6 12. Be2 Rb8 13. O-O Re8 14. Nd5 b5 15.
Nf4 bxc4 16. Bxc4 Ne5 17. Bb3 Nc6 18. Bc4 Ne5 1/2-1/2

[Event "SR 1. liga zapad 2010/2011"]
[Site "?"]
[Date "2010.11.06"]
[Round "1.3"]
[White "Arendas, Marek"]
[Black "Polacik, Igor"]
[Result "1-0"]
[WhiteElo "2089"]
[BlackElo "2180"]
[PlyCount "111"]
[EventDate "2010.??.??"]

1. e4 e5 2. Nf3 Nc6 3. Nc3 Nf6 4. d4 exd4 5. Nxd4 Bb4 6. Nxc6 bxc6 7. Bd3 d5 8.
O-O Bxc3 9. bxc3 dxe4 10. Qe2 O-O 11. Bxe4 Re8 12. f3 Qe7 13. Qc4 Nxe4 14. fxe4
Qe6 15. Qxe6 Bxe6 16. a4 Rab8 17. a5 a6 18. Ra4 Rb5 19. Bf4 Rc5 20. Rf3 Rb8 21.
Bxc7 Rb1+ 22. Kf2 Rb2 23. Rd4 Rxc2+ 24. Kg1 h6 25. Rd8+ Kh7 26. Rdd3 Rb5 27. h3
Bc4 28. Rd7 Be6 29. Rd6 Rc5 30. Rdd3 Rc4 31. Rde3 Ra4 32. Rg3 h5 33. Rg5 g6 34.
h4 Rc4 35. Be5 Ra4 36. Bf6 Ra1+ 37. Kh2 Bg4 38. Rg3 Rf1 39. Bd4 Rcc1 40. Rd3 f6
41. Rc5 g5 42. Kg3 gxh4+ 43. Kxh4 Rh1+ 44. Kg3 Rcf1 45. Rd2 Bd7 46. Bf2 h4+ 47.
Kf3 Be8 48. Rf5 h3 49. gxh3 Rc1 50. Kg2 Bg6 51. Rd7+ Kg8 52. Rf4 Rhd1 53. Rc7
Rxc3 54. Rg4 Rd6 55. Rxg6+ Kh8 56. e5 1-0

[Event "SR 1. liga zapad 2010/2011"]
[Site "?"]
[Date "2010.11.06"]
[Round "1.3"]
[White "Certek, Pavel"]
[Black "Doucha, Ludvik"]
[Result "1-0"]
[WhiteElo "2250"]
[BlackElo "2099"]
[PlyCount "55"]
[EventDate "2010.??.??"]

1. d4 Nf6 2. Nf3 e6 3. c4 Bb4+ 4. Nbd2 O-O 5. a3 Be7 6. e4 d5 7. e5 Ne4 8. Bd3
Nxd2 9. Bxd2 dxc4 10. Bxc4 b6 11. Rc1 c5 12. dxc5 Bxc5 13. b4 Be7 14. O-O Bb7
15. Qe2 Nc6 16. Rfd1 Qe8 17. Ba6 Qc8 18. Bd3 Qd7 19. Bf4 Qe8 20. Qe4 g6 21. Bb5
Rc8 22. Qe2 Kg7 23. Qd2 Rg8 24. Bh6+ Kh8 25. Qf4 a6 26. Bg5 Bxg5 27. Qxg5 Qe7
28. Bxc6 1-0

[Event "SR 1. liga zapad 2010/2011"]
[Site "?"]
[Date "2010.11.06"]
[Round "1.3"]
[White "Duben, Igor"]
[Black "Sturdik, Igor"]
[Result "1-0"]
[WhiteElo "2175"]
[BlackElo "2071"]
[PlyCount "51"]
[EventDate "2010.??.??"]

1. Nf3 Nf6 2. c4 e6 3. g3 b6 4. Bg2 Bb7 5. O-O c5 6. Nc3 Be7 7. Re1 d6 8. e4
Nbd7 9. d4 cxd4 10. Nxd4 a6 11. e5 dxe5 12. Bxb7 exd4 13. Bxa8 Qxa8 14. Qxd4 h5
15. Bf4 h4 16. Nd5 Nxd5 17. cxd5 Nf6 18. Bg5 hxg3 19. hxg3 Nxd5 20. Bh4 Bf6 21.
Qg4 g5 22. Rxe6+ fxe6 23. Qxe6+ Be7 24. Re1 Kd8 25. Rd1 gxh4 26. Rxd5+ 1-0

[Event "SR 1. liga zapad 2010/2011"]
[Site "?"]
[Date "2010.11.06"]
[Round "1.3"]
[White "Janos, Martin"]
[Black "Szitkey, Milan"]
[Result "0-1"]
[WhiteElo "2246"]
[BlackElo "2152"]
[PlyCount "64"]
[EventDate "2010.??.??"]

1. e4 e6 2. d4 d5 3. exd5 exd5 4. c4 Bb4+ 5. Nc3 Qe7+ 6. Be3 Be6 7. Qb3 Nf6 8.
c5 Bxc3+ 9. bxc3 b6 10. Nf3 O-O 11. cxb6 axb6 12. Bd3 Nbd7 13. O-O c5 14. Bb5
Bg4 15. Nd2 c4 16. Qc2 Be2 17. Rfe1 Bd3 18. Qc1 Qd6 19. Nf3 Ra5 20. a4 Be4 21.
Bf4 Qe6 22. Ng5 Qf5 23. Nxe4 Nxe4 24. Qe3 Ra7 25. f3 Nef6 26. Bg3 h6 27. Qe7
Rfa8 28. Qd6 Qd3 29. Rac1 Re8 30. Rxe8+ Nxe8 31. Qxd5 Qe3+ 32. Kf1 Qxc1+ 0-1